| 000 | 00000nam 2200000zi 4500 |
| 001 | 9.947151 |
| 003 | CaOODSP |
| 005 | 20250120152410 |
| 006 | m o d f |
| 007 | cr |n||||||||| |
| 008 | 250120s2024 onc obs f|0| 0 fre d |
| 020 | |a9780660740058|q(incorrect) |
| 040 | |aCaOODSP|bfre|erda|cCaOODSP |
| 043 | |an-cn--- |
| 086 | 1 |aPS83-5/R480F-PDF|zPS83-3/480F-PDF |
| 245 | 00|aMaladies infectieuses, comportements à risque et réduction des risques dans les établissements pour femmes : |bconstatations de l’Enquête nationale sur la santé de 2022. |
| 264 | 1|a[Ottawa] : |bService correctionnel Canada = Correctional Service Canada, |c[2024] |
| 300 | |a1 ressource en ligne (1 page). |
| 336 | |atexte|btxt|2rdacontent/fre |
| 337 | |ainformatique|bc|2rdamedia/fre |
| 338 | |aressource en ligne|bcr|2rdacarrier/fre |
| 490 | 1 |aRecherche en un coup d'œil ; |vR-480 |
| 500 | |aPublié aussi en anglais sous le titre : Infectious diseases, risk behaviours, and harm-reduction in women's institutions: findings from the 2022 National Health Survey. |
| 500 | |aTitre de départ. |
| 504 | |aComprend des références bibliographiques. |
| 650 | 6|aPrisonnières|xMaladies|zCanada|vStatistiques. |
| 650 | 6|aPrisonnières|xServices|zCanada|vStatistiques. |
| 655 | 7|aStatistiques|2rvmgf |
| 710 | 2 |aService correctionnel Canada, |eorganisme de publication. |
| 775 | 08|tInfectious diseases, risk behaviours, and harm-reduction in women's institutions : |w(CaOODSP)9.947148 |
| 830 | #0|aRecherche en un coup d'œil (Service correctionnel Canada)|vR-480.|w(CaOODSP)9.503037 |
| 856 | 40|qPDF|s246 Ko|uhttps://publications.gc.ca/collections/collection_2025/scc-csc/PS83-5-R480-fra.pdf |